| 000 | 00703nam a2200217 i 4500 | ||
|---|---|---|---|
| 001 | 64150 | ||
| 003 | ES-MaACL | ||
| 005 | 20250824063034.0 | ||
| 007 | t| | ||
| 008 | 031222s1977 sp ||||1| spa d | ||
| 100 | 1 |
_aFlanders, Ned A. _951115 |
|
| 245 | 1 | 0 |
_aAnálisis de la integración didáctica / _cNed A. Flanders ; traducción por Miguel Fernández Pérez. |
| 260 |
_a[Salamanca] : _bAnaya, _c[1977] |
||
| 300 |
_a568 p. ; _c24 cm. |
||
| 490 | 1 |
_aCiencias de la educación (Anaya) _9231470 |
|
| 700 | 1 |
_aFernández Pérez, Miguel. _949996 |
|
| 830 | 0 |
_aCiencias de la educación (Anaya) _9231470 |
|
| 852 |
_aES-MaACL _jA-8172 _bR.97117 |
||
| 942 | _2udc | ||
| 999 |
_c64150 _d64150 |
||